Crisco disco disco music & clubbing gay tra gli anni 70 e 80 /

Uloženo v:
Podrobná bibliografie
Hlavní autor: Locati Luciani, Luca
Médium: Kniha
Jazyk:angličtina
italština
Vydáno: Milano Vololibero 2013
Tagy: Přidat tag
Žádné tagy, Buďte první, kdo vytvoří štítek k tomuto záznamu!

MARC

LEADER 00000nam a2200000 4500
001 CDOM0000005538
003 mi
005 20250826153103.0
008 250826b |||||||| |||| 00| 0 eng d
020 |a 9788897637097 
040 |c mi 
041 |a ita 
100 |a Locati Luciani, Luca 
245 1 |a Crisco disco  |b disco music & clubbing gay tra gli anni 70 e 80 /  |c Luca Locati Luciani  |g con un saggio di Gianluca Meis 
260 |a Milano  |b Vololibero  |c 2013 
300 |a 301 p.  |c ill.  |c 21 cm. 
942 |2 ddc  |c BK 
952 |0 0  |1 0  |2 ddc  |4 0  |6 B_AMU01LOCLUCRI11  |7 0  |9 7871  |a MI  |b MI  |d 2013-06-24  |i 6556  |l 0  |o B-AMU01-LOCLU-CRI11  |p CDOM6556  |r 2025-07-13 16:28:00  |w 2025-07-13  |x DONO  |y BK 
952 |0 0  |1 0  |2 ddc  |4 0  |6 B_AMU01LOCLUCRI12  |7 0  |9 7872  |a MI  |b MI  |d 2014-02-07  |i 6602  |l 0  |o B-AMU01-LOCLU-CRI12  |p CDOM6602  |r 2025-07-13 16:28:00  |w 2025-07-13  |x DONO  |y BK 
999 |c 6542  |d 6542